000
00287nam a22001337a 4500
008
180125b xxu||||| |||| 00| 0 eng d
020
_a
014005636799
041
_a
eng
080
_a
612.39
100
_a
10
101
_a
nut
245
_a
vegtabless herbs
_c
paul.s.k
942
_2
udc
_c
BK
999
_c
40977
_d
40977